Nazwy i przezwiska Dawida Jaspera - Statystyki

Ogólne statystyki
  • Ten quiz został rozwiązany 40 razy
  • Średni wynik to 7 z 20
Statystyki odpowiedzi
Odpowiedź % Poprawnych
Dawid
70%
Dawid Jasper
70%
Jasper
70%
Wampir
63%
Pokemon
59%
Pedofil
52%
Kamil
44%
Tygrys
44%
Patryk
37%
Kurczak
30%
Szablozębny
30%
Buldog
22%
DawidKamilPatryk
19%
Jajko
11%
Poki
11%
Rudy
11%
Alkoholik
4%
Patostreamer
4%
Wiśniewski
4%
Proboszcz
0%
Nie znaleziono quizów pasujących do podanych kryteriów
Rozkład punktacji
Procent ludzi z każdym wynikiem
Percentyl według liczby udzielonych odpowiedzi
Twoja historia wyników
Nie rozwiązałeś tego quizu